| 000 | 00579nam a2200229 a 4500 | ||
|---|---|---|---|
| 001 | nice12345678 | ||
| 003 | IN_TiNIC | ||
| 005 | 20260116013037.0 | ||
| 008 | 050524s1988 lona grp 000 0 eng | ||
| 020 |
_a0001323 _c653.35 |
||
| 082 | 0 | 0 |
_a241 _bNIE |
| 100 | _aNiebuhr, Reinhold | ||
| 245 |
_aReinhold Niebuhr _b Theologian of Public Life |
||
| 260 |
_aLondon _bCollins Religious Pub. _c1988 |
||
| 300 | _a299p | ||
| 500 | _aincludes index and biblioraphy | ||
| 505 | 2 | _aIndex | |
| 650 | _aTheology-Moral | ||
| 902 | _bSRS | ||
| 942 | _cBK | ||
| 999 |
_c9407 _d9407 |
||